Films by Ivan Reitman (RIP) by Clue - Statistics

General Stats
  • This quiz has been taken 86 times
  • The average score is 9 of 14
Answer Stats
Hint Film % Correct
Paranormal investigators defend the Big Apple from Gozer the Gozerian. Ghostbusters
95%
Michael Jordan helps Looney Tunes characters play basketball against aliens. Space Jam
91%
The Newton family take in a St. Bernard pup, naming him after a German composer. Beethoven
86%
Paranormal investigators defend the Big Apple from Vigo the Carpathian. Ghostbusters II
86%
A trouble-making fraternity challenges the authority of the dean of Faber College. Animal House
80%
A tough police detective works undercover as a teacher to apprehend a drug dealer. Kindergarten Cop
77%
Intelligent but naive Julius meets his long lost brother Vincent. Twins
70%
A scientist experiments on himself, taking a drug that results in male pregnancy. Junior
68%
An impersonator of the President must actually take on the role of President. Dave
65%
Immature taxi driver John Winger, after losing his job and girlfriend, enlists in the Army with his friend Russel Ziskey. Stripes
65%
Depressed men in their 30s seek to relive their college days by starting a fraternity. Old School
55%
Film adaptation of Howard Stern's autobiographical book of the same name. Private Parts
44%
Summer camp hijinks at Camp North Star Meatballs
35%
Adventure action comedy in which a tropical vacation is interrupted by a plane crash Six Days, Seven Nights
20%
No matching quizzes found
Score Distribution
Percent of People with Each Score
Percentile by Number Answered
Your Score History
You have not taken this quiz